000 00581nam a22001937a 4500
999 _c22393
_d22393
003 AR-CdUCM
008 190509b ||||| |||| 00| 0 spa d
020 _a9786124771194
040 _aMUNICIPALIDAD PROVINCIAL DEL CUSCO
_cBIBLIOTECA MUNICIPAL DEL CUSCO
082 _a869.56/V349U
_bV349U
100 _aVásquez, Yuri
_948007
245 _aLos últimos dioses del opio /
_cYuri Vásquez
260 _aArequipa :
_bSurnumérica,
_c2019.
300 _a204, [2] páginas. :
_c21 cm.
500 _aNovela
650 _aNovelas peruanas
_9545
942 _2ddc
_cLIBROS
945 _arac